| Tag |
First Indicator |
Second Indicator |
Subfields |
| LEADER |
00000nam a22000001a 4500 |
| 001 |
in00004679421 |
| 006 |
m |o d | |
| 007 |
cr |n||||||||| |
| 008 |
230502s1985 wiua ob 001 0 eng d |
| 005 |
20260214202806.5 |
| 020 |
|
|
|a 9780891182184 (electronic bk.)
|
| 020 |
|
|
|a 0891182187 (electronic bk.)
|
| 020 |
|
|
|z 0891180834
|
| 020 |
|
|
|z 9780891180838
|
| 035 |
|
|
|a wil6007436
|
| 035 |
|
|
|a (NhCcYBP)wil6007436
|
| 040 |
|
|
|a NhCcYBP
|b eng
|c NhCcYBP
|
| 050 |
|
4 |
|a SB205.C64
|b C56 1985
|
| 070 |
0 |
|
|a 4
|b Am392 no.25
|
| 082 |
0 |
4 |
|a 633.3/2
|2 19
|
| 084 |
|
|
|a LAN 333f
|2 stub
|
| 084 |
|
|
|a WN 8600
|2 rvk
|
| 245 |
0 |
0 |
|a Clover science and technology /
|c N.L. Taylor, editor.
|
| 260 |
|
|
|a Madison, Wis., USA :
|b American Society of Agronomy :
|b Crop Science Society of America,
|c 1985.
|
| 300 |
|
|
|a 1 online resource (xx, 616 pages : :
|b illustrations (some color.)
|
| 336 |
|
|
|a text
|b txt
|2 rdacontent
|
| 337 |
|
|
|a computer
|b c
|2 rdamedia
|
| 338 |
|
|
|a online resource
|b cr
|2 rdacarrier
|
| 490 |
1 |
|
|a Agronomy ;
|v no. 25
|
| 504 |
|
|
|a Includes bibliographical references and index.
|
| 520 |
3 |
|
|a The contents of this monograph provide a foundation and direction for further research into the basic, biological, and agricultural sciences that support clover production, utilization, development, and technology. Many of the chapters are of a general nature, which apply to the clovers as a genus. In addition, several chapters focus on individual species or groups of species that are of agricultural importance in North America.
|
| 588 |
|
|
|a Description based on print version record.
|
| 650 |
|
0 |
|a Clover.
|
| 650 |
|
2 |
|a Trifolium
|
| 700 |
1 |
|
|a Taylor, N. L.
|q (Norman L.)
|
| 776 |
0 |
8 |
|i Online version:
|t Clover science and technology.
|d Madison, Wis., USA : American Society of Agronomy : Crop Science Society of America, 1985
|
| 776 |
0 |
8 |
|c Original
|z 0891180834
|z 9780891180838
|w (DLC) 84020485
|
| 830 |
|
0 |
|a Agronomy ;
|v no. 25.
|
| 856 |
4 |
0 |
|u http://proxy.library.tamu.edu/login?url=https://onlinelibrary.wiley.com/book/10.2134/agronmonogr25
|z Connect to the full text of this electronic book
|t 0
|
| 955 |
|
|
|a Wiley EBA record
|
| 975 |
|
|
|p Wiley UBCM Full Collection 2026
|
| 999 |
f |
f |
|s 4b04f9e7-e538-4cb3-bab0-c4faf7836e7c
|i 3a909a37-b0a2-4b81-b264-4d00c92411b9
|t 0
|
| 952 |
f |
f |
|a Texas A&M University
|b College Station
|c Electronic Resources
|s evans_pda
|d Available Online
|t 0
|e SB205.C64 C56 1985
|h Library of Congress classification
|
| 998 |
f |
f |
|a SB205.C64 C56 1985
|t 0
|l Available Online
|